000 00932nam a2200277 i 4500
003 EG-ScBUE
005 20241212100452.0
008 170718s2023 ua f f000 m ara d
017 _a20604
020 _a9789778671032
040 _aEG-ScBUE
_bara
_erda
_cEG-ScBUE
_dEG-ScBUE
082 0 4 _a892.708007
_bج ا ب
_222
100 1 _aجابر، لميس،
_eمؤلف.
_938780
245 1 0 _aحدوتة ع الماشي .
_n1 /
_cد. لميس جابر.
250 _aالطبعة الأولى
264 1 _aالجيزة ، مصر :
_bأطياف للنشر والتوزيع،
_c2023.
300 _a380 صفحة ؛
_c24 سم
336 _2rdacontent
_aنص
_btxt
337 _2rdamedia
_aبدون وسيط
_bn
338 _2rdacarrier
_aمجلد
_bnc
541 _cإهداء ؛
_aأطياف
650 7 _2BUEsh
_aالأدب العربي
_xمجموعات.
_98633
653 _bGGEN
_cDecember2024
655 _vReading book
942 _2ddc
999 _c30830
_d30801